000 00205 a2200097 4500
001 5055
100 _aTitterton,EW
245 _aFacing the atomic future
260 _a
_bMacmillan
_c
090 _c4207
_d4207
942 _aNUST-CAE
_cM
_c30498
999 _c240128
_d240128